Kuliah subuh pada membicarakan hadis 40

Bibliographic Details
Main Author: Syed Ahmad Semait (Author)
Format: Book
Published: Singapura : Pustaka Nasional , 1979
Subjects:

MARC

LEADER 00000cam a2200000 7i4500
001 0000004397
005 20040315093000.0
008 021118s1979
090 0 0 |a BP135.A3   |b A35 
100 0 |a Syed Ahmad Semait ,   |e author 
245 0 0 |a Kuliah subuh pada membicarakan hadis 40   |c Syed Ahmad Semait 
260 2 |a Singapura :   |b Pustaka Nasional ,   |c 1979 
300 |a 3 vol. ;   |c 21 sm. 
650 0 |a Hadith   |x Selections 
999 |a 1000002764   |b Book   |c OPEN SHELF (30 DAYS)   |e Gong Badak Campus 
999 |a 1000002765   |b Book   |c OPEN SHELF (30 DAYS)   |e Gong Badak Campus 
999 |a 1000002766   |b Book   |c OPEN SHELF (30 DAYS)   |e Gong Badak Campus 
999 |a 1000002767   |b Book   |c OPEN SHELF (30 DAYS)   |e Gong Badak Campus 
999 |a 1000058976   |b Book   |c OPEN SHELF (30 DAYS)   |e Gong Badak Campus